| 000 | 01035njm a22002657a 4500 | ||
|---|---|---|---|
| 005 | 2010091307257.0 | ||
| 006 | a|||||r|||||00| 0 | ||
| 007 | sd ammalaaahaa | ||
| 008 | 100907t xxu||||| |||| 00| 0 hin d | ||
| 028 |
_aEALP 1266 _bHis Master's Voice |
||
| 035 | _aGR-02161 | ||
| 040 |
_aSED _cSED |
||
| 100 |
_aUstad Vilayat Khan _918699 |
||
| 245 |
_aThe Genius of vilayat khan / _cby Ustad Vilayat Khan _h[Sound Recording] |
||
| 246 | _aदा गेनिउस ऑफ़ विलायत खान / उस्ताद विलायत खान | ||
| 260 |
_aDum Dum, India _bHis Master's Voice _cn.d. |
||
| 300 |
_a1 sound disc [Gramophone Record] : _banalog, 33.1/3 rpm _c12 in. (LP) _fGramophone Records |
||
| 500 | _aBrief record | ||
| 500 | _aRecords Labels : His Master's Voice, Red | ||
| 600 | _2Ustad Vilayat Khan | ||
| 650 |
_aClassical Songs _xExcerpts _zIndia _918876 |
||
| 700 |
_a _918877 |
||
| 942 |
_2ddc _cGR |
||
| 999 |
_c45372 _d45372 |
||